000 00487nam a2200133 4500
999 _c855
_d855
020 _a9780395907740
050 _aQA276
100 _aFarber, Elizabeth
_aBrase, Charles Henry
245 _aUnderstandable statistics :
_bstudy and solutions guide
_cElizabeth Farber.
260 _aBoston :
_bHoughton Mifflin,
_c©1999.
300 _av, 419 pages :
_billustrations ;
_c28 cm
650 _aMathematical statistics -- Examinations, questions, etc.
_aMathematical statistics.
942 _cBK